Cohabitation in Thimphu / (Record no. 5555)
[ view plain ]
| 000 -LEADER | |
|---|---|
| fixed length control field | 00670nam a2200181 4500 |
| 001 - CONTROL NUMBER | |
| control field | 6604 |
| 005 - DATE AND TIME OF LATEST TRANSACTION | |
| control field | 20181127181842.0 |
| 090 00 - LOCALLY ASSIGNED LC-TYPE CALL NUMBER (OCLC); LOCAL CALL NUMBER (RLIN) | |
| Classification number (OCLC) (R) ; Classification number, CALL (RLIN) (NR) | POL.SCI CAP No.76 |
| 245 00 - TITLE STATEMENT | |
| Title | Cohabitation in Thimphu / |
| Remainder of title | |
| Statement of responsibility, etc. | Sonam Choki. |
| Medium | |
| 260 00 - PUBLICATION, DISTRIBUTION, ETC. | |
| Place of publication, distribution, etc. | [Thimphu] : |
| Name of publisher, distributor, etc. | [Royal Thimphu College], |
| Date of publication, distribution, etc. | 2017. |
| 300 ## - PHYSICAL DESCRIPTION | |
| Extent | 21 leaves ; 30 cm. |
| Other physical details | |
| Dimensions | |
| Accompanying material | |
| 500 ## - GENERAL NOTE | |
| General note | Student research project for BA, Political Science (Capstone Project):(2017). |
| General note | Spiral-bound xerographic copy. |
| 504 ## - BIBLIOGRAPHY, ETC. NOTE | |
| Bibliography, etc. note | Includes bibliographical references. |
| 650 ## - SUBJECT ADDED ENTRY--TOPICAL TERM | |
| Topical term or geographic name entry element | Capstone Project. |
| Form subdivision | |
| General subdivision | |
| Chronological subdivision | |
| Geographic subdivision | |
| Source of heading or term | |
| Topical term or geographic name entry element | Cohabitation agreements -- Bhutan. |
| Topical term or geographic name entry element | Unmarried couples -- Legal status, laws, etc. -- Bhutan. |
| Form subdivision | |
| General subdivision | |
| Chronological subdivision | |
| Geographic subdivision | |
| Source of heading or term | |
| Withdrawn status | Lost status | Damaged status | Not for loan | Collection code | Home library | Current library | Shelving location | Date acquired | Serial Enumeration / chronology | Inventory number | Total Checkouts | Total Renewals | Full call number | Barcode | Date last seen | Date last checked out | Price effective from | Koha item type |
|---|---|---|---|---|---|---|---|---|---|---|---|---|---|---|---|---|---|---|
| Student work | RTC Library | RTC Library | Student work | 19/04/2021 | 10370 | 3 | 1 | POL SCI CAP No. 76STUDENT WORK | 30011464 | 19/06/2021 | 23/05/2021 | 27/11/2018 | Student Work |